Animal Alphabet (Original) - Statistics

General Stats
  • This quiz has been taken 85 times
    31 since last reset
  • The average score is 21 of 26
Answer Stats
Picture Hint Answer % Correct
H Hippo
96%
A Alligator
92%
B Bear
92%
C Camel
92%
D Deer
92%
E Elephant
92%
F Flamingo
92%
L Llama
88%
M Monkey
88%
N Narwhal
88%
O Octopus
88%
P Panda
88%
R Rhino
88%
T Turtle
88%
U Unicorn
88%
W Wolf
88%
Z Zebra
88%
J Jaguar
83%
K Kangaroo
83%
Y Yak
83%
S Sloth
79%
V Viper
71%
Q Quail
67%
I Ibex
58%
X X-ray Fish
46%
G Gaur
33%
No matching quizzes found
Score Distribution
Percent of People with Each Score
Percentile by Number Answered
Your Score History
You have not taken this quiz since the last reset